000 00615cab a2200181 4500
001 WB2347-08
008 090401t1987 xxu||||| |||| 00| 0 eng d
035 _a(Sirsi) u59602
041 _aeng
245 _aCoal mining subsidence
260 _c1987
350 _a0
490 _aHouse of Commons Hansard
_v18 November 1987 col 1093-5(2)
520 _aThe first reading debate of the private member`s bill, Coal Mining Subsidence (Damage and Arbitration) Bill.
690 _aENVIRONMENTAL AND LAND CONSULTANCY-PLANNING AND DEVELOPMENT-COMPULSORY PURCHASE AND COMPENSATION
942 _n0
948 _c04/03/1997
999 _c36587
_d36587